<?xml version="1.0" encoding="UTF-8"?>
<record
    xmlns:xsi="http://www.w3.org/2001/XMLSchema-instance"
    xsi:schemaLocation="http://www.loc.gov/MARC21/slim http://www.loc.gov/standards/marcxml/schema/MARC21slim.xsd"
    xmlns="http://www.loc.gov/MARC21/slim">

  <leader>03558nam a22002897a 4500</leader>
  <controlfield tag="001">8213</controlfield>
  <controlfield tag="003">FISKH</controlfield>
  <controlfield tag="005">20250903090956.0</controlfield>
  <controlfield tag="008">250903b        cb ||||| |||| 00| 0 eng d</controlfield>
  <datafield tag="020" ind1=" " ind2=" ">
    <subfield code="a">9789996362231</subfield>
  </datafield>
  <datafield tag="040" ind1=" " ind2=" ">
    <subfield code="a">FISKH</subfield>
    <subfield code="b">eng</subfield>
    <subfield code="c">FISKH</subfield>
    <subfield code="d">FISKH</subfield>
  </datafield>
  <datafield tag="050" ind1=" " ind2=" ">
    <subfield code="a">PZ7</subfield>
  </datafield>
  <datafield tag="082" ind1=" " ind2=" ">
    <subfield code="a">495.911</subfield>
  </datafield>
  <datafield tag="100" ind1=" " ind2=" ">
    <subfield code="a">Samphors, Try </subfield>
  </datafield>
  <datafield tag="245" ind1=" " ind2=" ">
    <subfield code="a">&#x1798;&#x17C1;&#x1792;&#x17D2;&#x1798;&#x1794;&#x17CB; &#x1793;&#x17B7;&#x1784;&#x179F;&#x17D2;&#x179A;&#x17B8;&#x179F;&#x17D2;&#x17A2;&#x17B6;&#x178F; :</subfield>
    <subfield code="b">The witch and the beauty / </subfield>
    <subfield code="c">&#x1793;&#x17B7;&#x1796;&#x1793;&#x17D2;&#x1792;&#x1793;&#x17B7;&#x1784;&#x179A;&#x17BC;&#x1794;&#x1797;&#x17B6;&#x1796;&#x178A;&#x17C4;&#x1799; &#x1791;&#x17D2;&#x179A;&#x17B8; &#x179F;&#x1798;&#x17D2;&#x1795;&#x179F;&#x17D2;&#x179F; </subfield>
  </datafield>
  <datafield tag="260" ind1=" " ind2=" ">
    <subfield code="a">Phnom Penh : </subfield>
    <subfield code="b">Comics Art, </subfield>
    <subfield code="c">2016.</subfield>
  </datafield>
  <datafield tag="300" ind1=" " ind2=" ">
    <subfield code="a">35 pages : </subfield>
    <subfield code="b">color illustations ; </subfield>
    <subfield code="c">22 x 23 cm </subfield>
  </datafield>
  <datafield tag="505" ind1=" " ind2=" ">
    <subfield code="a">K
</subfield>
  </datafield>
  <datafield tag="520" ind1=" " ind2=" ">
    <subfield code="a">&#x179F;&#x17D2;&#x179A;&#x17B8;&#x179F;&#x17D2;&#x17A2;&#x17B6;&#x178F; (Beauty) &#x1787;&#x17B6;&#x1780;&#x17BC;&#x1793;&#x179F;&#x17D2;&#x179A;&#x17B8;&#x1798;&#x17B6;&#x1793;&#x1785;&#x17B7;&#x178F;&#x17D2;&#x178F;&#x179B;&#x17D2;&#x17A2; &#x179F;&#x17BB;&#x1797;&#x17B6;&#x1796;&#x179A;&#x17B6;&#x1794;&#x179F;&#x17B6; &#x179A;&#x179F;&#x17CB;&#x1793;&#x17C5;&#x1787;&#x17B6;&#x1798;&#x17BD;&#x1799;&#x17AA;&#x1796;&#x17BB;&#x1780; &#x1793;&#x17B7;&#x1784;&#x1794;&#x1784;&#x179F;&#x17D2;&#x179A;&#x17B8;&#x17D4; &#x1798;&#x17D2;&#x178F;&#x1784;&#x1798;&#x17BD;&#x1799;&#x17AA;&#x1796;&#x17BB;&#x1780;&#x1793;&#x17B6;&#x1784;&#x1792;&#x17D2;&#x179C;&#x17BE;&#x178A;&#x17C6;&#x178E;&#x17BE;&#x179A;&#x1791;&#x17C5;&#x1786;&#x17D2;&#x1784;&#x17B6;&#x1799; &#x17A0;&#x17BE;&#x1799;&#x1794;&#x17B6;&#x1793;&#x1794;&#x17B6;&#x178F;&#x17CB;&#x1785;&#x17BC;&#x179B;&#x1791;&#x17C5;&#x1780;&#x17D2;&#x1793;&#x17BB;&#x1784;&#x179C;&#x17B8;&#x17A1;&#x17B6;&#x179A;&#x1794;&#x179F;&#x17CB; &#x1798;&#x17C1;&#x1792;&#x17D2;&#x1798;&#x1794;&#x17CB; (Beast)&#x17D4; &#x1796;&#x17C1;&#x179B;&#x17AA;&#x1796;&#x17BB;&#x1780;&#x1799;&#x1780;&#x1795;&#x17D2;&#x1780;&#x17B6;&#x1780;&#x17BB;&#x179B;&#x17B6;&#x1794;&#x1798;&#x1780;&#x17B2;&#x17D2;&#x1799;&#x1780;&#x17BC;&#x1793; &#x179F;&#x178F;&#x17D2;&#x179C;&#x1798;&#x17C1;&#x1792;&#x17D2;&#x1798;&#x1794;&#x17CB;&#x1780;&#x17D2;&#x179A;&#x17A0;&#x1798;&#x1785;&#x17C1;&#x1789; &#x17A0;&#x17BE;&#x1799;&#x1794;&#x1784;&#x17D2;&#x1781;&#x17C6;&#x17B1;&#x17D2;&#x1799;&#x17AA;&#x1796;&#x17BB;&#x1780;&#x17AC;&#x1780;&#x17BC;&#x1793;&#x1798;&#x17D2;&#x1793;&#x17B6;&#x1780;&#x17CB;&#x1798;&#x1780;&#x179F;&#x17D2;&#x1793;&#x17B6;&#x1780;&#x17CB;&#x1793;&#x17C5;&#x1787;&#x17B6;&#x1798;&#x17BD;&#x1799;&#x179C;&#x17B6; &#x178A;&#x17BE;&#x1798;&#x17D2;&#x1794;&#x17B8;&#x1794;&#x1784;&#x17CB;&#x17B1;&#x17D2;&#x1799;&#x1781;&#x17BC;&#x1785;&#x17D4; &#x179F;&#x17D2;&#x179A;&#x17B8;&#x179F;&#x17D2;&#x17A2;&#x17B6;&#x178F;&#x179F;&#x17D2;&#x1798;&#x17D0;&#x1782;&#x17D2;&#x179A;&#x1785;&#x17B7;&#x178F;&#x17D2;&#x178F;&#x1791;&#x17C5;&#x179F;&#x17D2;&#x1793;&#x17B6;&#x1780;&#x17CB;&#x1793;&#x17C5;&#x1787;&#x17B6;&#x1798;&#x17BD;&#x1799;&#x179C;&#x17B6;&#x17D4;

&#x1793;&#x17C5;&#x1780;&#x17D2;&#x1793;&#x17BB;&#x1784;&#x179C;&#x17B8;&#x17A1;&#x17B6; &#x1798;&#x17C1;&#x1792;&#x17D2;&#x1798;&#x1794;&#x17CB;&#x1798;&#x17B6;&#x1793;&#x179A;&#x17BC;&#x1794;&#x179A;&#x17B6;&#x1784;&#x1782;&#x17BD;&#x179A;&#x17B1;&#x17D2;&#x1799;&#x1781;&#x17D2;&#x179B;&#x17B6;&#x1785; &#x1794;&#x17C9;&#x17BB;&#x1793;&#x17D2;&#x178F;&#x17C2;&#x1785;&#x17B7;&#x178F;&#x17D2;&#x178F;&#x179B;&#x17D2;&#x17A2; &#x17A0;&#x17BE;&#x1799;&#x1790;&#x17C2;&#x179A;&#x1780;&#x17D2;&#x179F;&#x17B6; &#x179F;&#x17D2;&#x179A;&#x17B8;&#x179F;&#x17D2;&#x17A2;&#x17B6;&#x178F;&#x1799;&#x17C9;&#x17B6;&#x1784;&#x17A2;&#x17C6;&#x178E;&#x178F;&#x17CB;&#x17D4; &#x1780;&#x17B6;&#x179B;&#x178E;&#x17B6;&#x1793;&#x17B6;&#x1784;&#x179F;&#x17D2;&#x1793;&#x17B6;&#x1780;&#x17CB;&#x1793;&#x17C5;&#x1799;&#x17BC;&#x179A;&#x17D7; &#x1793;&#x17B6;&#x1784;&#x1794;&#x17B6;&#x1793;&#x1783;&#x17BE;&#x1789;&#x1790;&#x17B6; &#x1781;&#x17B6;&#x1784;&#x1780;&#x17D2;&#x1793;&#x17BB;&#x1784;&#x1798;&#x17C1;&#x1792;&#x17D2;&#x1798;&#x1794;&#x17CB;&#x1798;&#x17B6;&#x1793;&#x1785;&#x17B7;&#x178F;&#x17D2;&#x178F;&#x179B;&#x17D2;&#x17A2; &#x1798;&#x17B7;&#x1793;&#x1798;&#x17C2;&#x1793;&#x178A;&#x17BC;&#x1785;&#x179A;&#x17BC;&#x1794;&#x179A;&#x17B6;&#x1784;&#x1781;&#x17B6;&#x1784;&#x1780;&#x17D2;&#x179A;&#x17C5;&#x17A1;&#x17BE;&#x1799;&#x17D4;

&#x1785;&#x17BB;&#x1784;&#x1780;&#x17D2;&#x179A;&#x17C4;&#x1799; &#x179F;&#x17D2;&#x179A;&#x17B8;&#x179F;&#x17D2;&#x17A2;&#x17B6;&#x178F;&#x1791;&#x1791;&#x17BD;&#x179B;&#x179F;&#x17D2;&#x1782;&#x17B6;&#x179B;&#x17CB;&#x1790;&#x17B6; &#x1793;&#x17B6;&#x1784;&#x179F;&#x17D2;&#x179A;&#x17A1;&#x17B6;&#x1789;&#x17CB;&#x1798;&#x17C1;&#x1792;&#x17D2;&#x1798;&#x1794;&#x17CB;&#x17D4; &#x178F;&#x17C2;&#x1796;&#x17C1;&#x179B;&#x1793;&#x17B6;&#x1784;&#x1794;&#x1784;&#x17D2;&#x17A0;&#x17B6;&#x1789;&#x1785;&#x17B7;&#x178F;&#x17D2;&#x178F;&#x179F;&#x17D2;&#x179A;&#x17A1;&#x17B6;&#x1789;&#x17CB; &#x1798;&#x17C1;&#x1792;&#x17D2;&#x1798;&#x1794;&#x17CB;&#x178F;&#x17D2;&#x179A;&#x17BC;&#x179C;&#x1794;&#x17B6;&#x1793;&#x1794;&#x17C6;&#x1794;&#x17D2;&#x179B;&#x17C2;&#x1784;&#x179C;&#x17B7;&#x1789; &#x1791;&#x17C5;&#x1787;&#x17B6;&#x1796;&#x17D2;&#x179A;&#x17C7;&#x17A2;&#x1784;&#x17D2;&#x1782;&#x1780;&#x17BC;&#x1793;&#x1785;&#x17C5;&#x179F;&#x17D2;&#x178A;&#x17C1;&#x1785; &#x178A;&#x17C2;&#x179B;&#x178F;&#x17D2;&#x179A;&#x17BC;&#x179C;&#x179F;&#x17B6;&#x1794;&#x1795;&#x17D2;&#x178F;&#x17B6;&#x179F;&#x17B6;&#x17B2;&#x17D2;&#x1799;&#x1798;&#x17B6;&#x1793;&#x179A;&#x17BC;&#x1794;&#x179A;&#x17B6;&#x1784;&#x1787;&#x17B6;&#x179F;&#x178F;&#x17D2;&#x179C;&#x17D4; &#x1796;&#x17BD;&#x1780;&#x1782;&#x17C1;&#x179A;&#x179F;&#x17CB;&#x1793;&#x17C5;&#x1787;&#x17B6;&#x1798;&#x17BD;&#x1799;&#x1782;&#x17D2;&#x1793;&#x17B6;&#x1799;&#x17C9;&#x17B6;&#x1784;&#x179F;&#x17BB;&#x1781;&#x179F;&#x17B6;&#x1793;&#x17D2;&#x178F;&#x17D4;</subfield>
  </datafield>
  <datafield tag="520" ind1=" " ind2=" ">
    <subfield code="a">Beauty is a kind and gentle young woman who lives with her father and sisters. One day, her father gets lost while traveling and enters the castle of a Beast. When he picks a rose for Beauty, the Beast appears and demands that either the father or one of his daughters must stay in the castle as punishment. Beauty volunteers to go.

At first, the Beast looks frightening, but he treats Beauty with kindness and care. Over time, she realizes that the Beast has a good and gentle heart despite his appearance.

In the end, Beauty admits that she loves the Beast. The moment she declares her love, the Beast is transformed back into a handsome prince, who had been cursed to live as a beast. Beauty and the Prince live happily together.</subfield>
  </datafield>
  <datafield tag="521" ind1="8" ind2=" ">
    <subfield code="a">510
</subfield>
    <subfield code="b">Lexile estimate 
</subfield>
  </datafield>
  <datafield tag="521" ind1="8" ind2=" ">
    <subfield code="a">K
</subfield>
    <subfield code="b">Raz-Plus 
</subfield>
  </datafield>
  <datafield tag="650" ind1=" " ind2=" ">
    <subfield code="a">&#x179A;&#x17BF;&#x1784;&#x1793;&#x17B7;&#x1791;&#x17B6;&#x1793;&#x1780;&#x17BB;&#x1798;&#x17B6;&#x179A;&#x200B; </subfield>
  </datafield>
  <datafield tag="650" ind1=" " ind2=" ">
    <subfield code="a">Children story</subfield>
  </datafield>
  <datafield tag="942" ind1=" " ind2=" ">
    <subfield code="2">ddc</subfield>
    <subfield code="c">BK</subfield>
    <subfield code="n">0</subfield>
  </datafield>
  <datafield tag="999" ind1=" " ind2=" ">
    <subfield code="c">8213</subfield>
    <subfield code="d">8213</subfield>
  </datafield>
  <datafield tag="952" ind1=" " ind2=" ">
    <subfield code="0">0</subfield>
    <subfield code="1">0</subfield>
    <subfield code="2">ddc</subfield>
    <subfield code="4">0</subfield>
    <subfield code="7">0</subfield>
    <subfield code="8">Khmer-English Bilingual </subfield>
    <subfield code="a">001</subfield>
    <subfield code="b">001</subfield>
    <subfield code="c">OKHR</subfield>
    <subfield code="d">2025-09-03</subfield>
    <subfield code="l">0</subfield>
    <subfield code="o">SAM 495.911 PZ7 </subfield>
    <subfield code="p">FISTKG3A036</subfield>
    <subfield code="r">2025-09-03 09:09:28</subfield>
    <subfield code="t">1</subfield>
    <subfield code="w">2025-09-03</subfield>
    <subfield code="y">KHB</subfield>
  </datafield>
  <datafield tag="952" ind1=" " ind2=" ">
    <subfield code="0">0</subfield>
    <subfield code="1">0</subfield>
    <subfield code="2">ddc</subfield>
    <subfield code="4">0</subfield>
    <subfield code="7">0</subfield>
    <subfield code="8">Khmer-English Bilingual </subfield>
    <subfield code="a">001</subfield>
    <subfield code="b">001</subfield>
    <subfield code="c">OKHR</subfield>
    <subfield code="d">2025-09-03</subfield>
    <subfield code="l">0</subfield>
    <subfield code="o">SAM 495.911 PZ7 </subfield>
    <subfield code="p">FISTKG3B011</subfield>
    <subfield code="r">2025-09-03 09:09:41</subfield>
    <subfield code="t">2</subfield>
    <subfield code="w">2025-09-03</subfield>
    <subfield code="y">KHB</subfield>
  </datafield>
  <datafield tag="952" ind1=" " ind2=" ">
    <subfield code="0">0</subfield>
    <subfield code="1">0</subfield>
    <subfield code="2">ddc</subfield>
    <subfield code="4">0</subfield>
    <subfield code="7">0</subfield>
    <subfield code="8">Khmer-English Bilingual </subfield>
    <subfield code="a">001</subfield>
    <subfield code="b">001</subfield>
    <subfield code="c">OKHR</subfield>
    <subfield code="d">2025-09-03</subfield>
    <subfield code="l">0</subfield>
    <subfield code="o">SAM 495.911 PZ7 </subfield>
    <subfield code="p">FISTKG3B018</subfield>
    <subfield code="r">2025-09-03 09:09:53</subfield>
    <subfield code="t">3</subfield>
    <subfield code="w">2025-09-03</subfield>
    <subfield code="y">KHB</subfield>
  </datafield>
</record>
